G1/Liver Secrets Plus (Record no. 4415)

MARC details
000 -LEADER
fixed length control field 00582nam a22002177a 4500
003 - CONTROL NUMBER IDENTIFIER
control field OSt
005 - DATE AND TIME OF LATEST TRANSACTION
control field 20160620181908.0
008 - FIXED-LENGTH DATA ELEMENTS--GENERAL INFORMATION
fixed length control field 160620b xxu||||| |||| 00| 0 eng d
020 ## - INTERNATIONAL STANDARD BOOK NUMBER
International Standard Book Number 9780323063975
040 ## - CATALOGING SOURCE
Transcribing agency DNLM
082 ## - DEWEY DECIMAL CLASSIFICATION NUMBER
Classification number WI100 P442g 2010
100 ## - MAIN ENTRY--PERSONAL NAME
Personal name McNally, Peter R.
9 (RLIN) 9488
245 ## - TITLE STATEMENT
Title G1/Liver Secrets Plus
250 ## - EDITION STATEMENT
Edition statement 4th ed.
260 ## - PUBLICATION, DISTRIBUTION, ETC. (IMPRINT)
Place of publication, distribution, etc. Philadelphia; Mosby, 2010
300 ## - PHYSICAL DESCRIPTION
Extent xvii,619p; ill: 26cm
504 ## - BIBLIOGRAPHY, ETC. NOTE
Bibliography, etc Bibliography, & index included
650 ## - SUBJECT ADDED ENTRY--TOPICAL TERM
Topical term or geographic name as entry element Digestive system Diseases
9 (RLIN) 9489
650 ## - SUBJECT ADDED ENTRY--TOPICAL TERM
Topical term or geographic name as entry element Digestive organs MCQs
9 (RLIN) 9490
942 ## - ADDED ENTRY ELEMENTS (KOHA)
Source of classification or shelving scheme Other/Generic Classification Scheme
Koha item type Open Shelf
Holdings
Withdrawn status Lost status Source of classification or shelving scheme Damaged status Not for loan Home library Current library Date acquired Source of acquisition Inventory number Total Checkouts Full call number Barcode Date last seen Koha item type
    Other/Generic Classification Scheme     MUST Main Library MUST Main Library 20/06/2016   12/36138   WI100 P442g 2010 2016-2599 20/06/2016 Open Shelf